El estado de flujo de efectivo (Registro nro. 189)
[ vista simple ]
| 000 -LEADER | |
|---|---|
| fixed length control field | 01040 a2200229 4500 |
| 001 - CONTROL NUMBER | |
| control field | 1889 |
| 005 - DATE AND TIME OF LATEST TRANSACTION | |
| control field | 20260407155419.0 |
| 008 - FIXED-LENGTH DATA ELEMENTS--GENERAL INFORMATION | |
| fixed length control field | 260407a2007 arg spa d |
| 003 - CONTROL NUMBER IDENTIFIER | |
| control field | AR-UNSa-BCEJYS |
| 040 ## - CATALOGING SOURCE | |
| Original cataloging agency | AR-UNSa-BCEJYS |
| Language of cataloging | spa |
| Transcribing agency | AR-UNSa-BCEJYS |
| 080 ## - UNIVERSAL DECIMAL CLASSIFICATION NUMBER | |
| Universal Decimal Classification number | 657.31 |
| Common auxiliary subdivision | Presupuestos. Previsiones. Planes financieros. Estado de flujo de efectivo |
| 020 ## - INTERNATIONAL STANDARD BOOK NUMBER | |
| International Standard Book Number | 978-987-01-0711-8 |
| 100 1# - MAIN ENTRY--PERSONAL NAME | |
| Personal name | Mantovan, Flavio A. |
| 245 10 - TITLE STATEMENT | |
| Title | El estado de flujo de efectivo |
| 250 ## - EDITION STATEMENT | |
| Edition statement | 3a. ed. |
| 264 #1 - PRODUCTION, PUBLICATION, DISTRIBUTION, MANUFACTURE, AND COPYRIGHT NOTICE | |
| Place of production, publication, distribution, manufacture | Buenos Aires : |
| Name of producer, publisher, distributor, manufacturer | Errepar |
| Date of production, publication, distribution, manufacture, or copyright notice | 2007 |
| 300 ## - PHYSICAL DESCRIPTION | |
| Extent | 222 p. |
| Dimensions | 21 cm. |
| 505 ## - FORMATTED CONTENTS NOTE | |
| Formatted contents note | 1. Información financiera - 2. Estructura del estado - 3. Metodología para la elaboración del estado - 4. Intereses dividendos e impuesto a las ganancias - 5. Caso práctico - 6. Procesos inflacionarios - 7. Combinaciones de negocios - 8. Análisis de estados contables |
| 590 ## - LOCAL NOTE (RLIN) | |
| Local note | niveau_biblio:m niveau_hierar:0 |
| 856 41 - ELECTRONIC LOCATION AND ACCESS | |
| Uniform Resource Identifier | <a href="https://biblioeco.unsa.edu.ar/pmb/images/libros/El Estado de Flujo de Efectivo-l118079.jpg">https://biblioeco.unsa.edu.ar/pmb/images/libros/El Estado de Flujo de Efectivo-l118079.jpg</a> |
| Link text | Imagen de portada |
| Electronic format type | image/jpeg |
| 942 ## - ADDED ENTRY ELEMENTS (KOHA) | |
| Koha item type | |
| Withdrawn status | Lost status | Damaged status | Not for loan | Home library | Current library | Shelving location | Date acquired | Total checkouts | Full call number | Barcode | Date last seen | Price effective from | Koha item type | Public note |
|---|---|---|---|---|---|---|---|---|---|---|---|---|---|---|
| Biblioteca Prof. Eusebio Cleto del Rey | Biblioteca Prof. Eusebio Cleto del Rey | 07/04/2026 | 657.31 M293 3ed. | L118079 | 07/04/2026 | 07/04/2026 | Libro | 1RAS HOJAS UN POCO ARRUGADAS | ||||||
| Biblioteca Prof. Eusebio Cleto del Rey | Biblioteca Prof. Eusebio Cleto del Rey | 07/04/2026 | 657.31 M293 3ed. | L118080 | 07/04/2026 | 07/04/2026 | Libro | CANTO LATERAL UN POCO MANCHADO - PÁG. 178 Y 180 C/ CINTA - PÁG. 175 A 182 CANTO LATERAL UN POCO DAÑADO | ||||||
| Biblioteca Prof. Eusebio Cleto del Rey | Biblioteca Prof. Eusebio Cleto del Rey | 07/04/2026 | 657.31 M293 3ed. | L118081 | 07/04/2026 | 07/04/2026 | Libro | MANCHADO PÁG. 30 A 43 - LÁPIZ LEVE 30 A 41 - CANTO UN POCO SUCIO | ||||||
| Biblioteca Prof. Eusebio Cleto del Rey | Biblioteca Prof. Eusebio Cleto del Rey | 07/04/2026 | 657.31 M293 3ed. | L118082 | 07/04/2026 | 07/04/2026 | Libro | CANTO LATERAL UN POCO SUCIO - 1RA HOJA UN POCO MANCHADA - 1RAS HOJAS HÚMEDAS EN EL CANTO INFERIOR | ||||||
| Biblioteca Prof. Eusebio Cleto del Rey | Biblioteca Prof. Eusebio Cleto del Rey | 07/04/2026 | 657.31 M293 3ed. | L125911 | 07/04/2026 | 07/04/2026 | Libro | CANTO LATERAL MANCHADO - 1RA HOJA ARRUGADA | ||||||
| Biblioteca Prof. Eusebio Cleto del Rey | Biblioteca Prof. Eusebio Cleto del Rey | 07/04/2026 | 657.31 M293 3ed. | L125912 | 07/04/2026 | 07/04/2026 | Libro | |||||||
| Biblioteca Prof. Eusebio Cleto del Rey | Biblioteca Prof. Eusebio Cleto del Rey | 07/04/2026 | 657.31 M293 3ed. | L125913 | 07/04/2026 | 07/04/2026 | Libro |